Normal view
MARC view
Entry Corporate Name
001 - CONTROL NUMBER
- control field: 647142
003 - CONTROL NUMBER IDENTIFIER
- control field:
005 - DATE AND TIME OF LATEST TRANSACTION
- control field: 20210603164456.0
008 - FIXED-LENGTH DATA ELEMENTS
- fixed length control field: 210603|| aca||aabn | a|a d
040 ## - CATALOGING SOURCE
- Original cataloging agency:
- Transcribing agency:
110 ## - HEADING--CORPORATE NAME
- Corporate name or jurisdiction name as entry element: West Bengal(India ,British).
- Subordinate unit: High Court, Judicial Department
670 ## - SOURCE DATA FOUND
- Source citation: Work cat.: (): West Bengal (India, British) Laws, etc. 647051, Report on the administration of civil justice in the presidency of Bengal during the year, 1934
